[Event "Koge EMT op 3rd"]
[Site "Koge"]
[Date "2022.04.29"]
[Round "5"]
[White "Mollasoltani, Aryan"]
[Black "Hansen, Claus Ago"]
[Result "1-0"]
[WhiteElo "1942"]
[BlackElo "1744"]
[PlyCount "57"]
[EventDate "2022.04.29"]
[EventType "swiss"]
[EventRounds "5"]
[EventCountry "DEN"]
[SourceTitle "CBM 208 Extra"]
[Source "ChessBase"]
[SourceDate "2022.07.31"]
[SourceVersion "1"]
[SourceVersionDate "2022.07.31"]
[SourceQuality "1"]

1. e4 g6 2. d4 Bg7 3. Bc4 e6 4. Nf3 d6 5. Be3 Ne7 6. Qd2 h6 7. Nc3 a6 8. a4 b6 9. 0-0 Bb7 10. Rfe1 Nd7 11. h3 c5 12. Rad1 Qc7 13. dxc5 dxc5 14. Bf4 e5 15. Nd5 Nxd5 16. exd5 Qd6 17. Nxe5 Nxe5 18. Bxe5 Bxe5 19. f4 0-0-0 20. fxe5 Qd7 21. b3 h5 22. Qe2 a5 23. e6 Qd6 24. exf7 g5 25. Qe6+ Kb8 26. Qxd6+ Rxd6 27. Re8+ Rd8 28. Rxd8+ Rxd8 29. Re1 1-0